000
00413nam a22001337a 4500
020
_a
9698893016
082
_a
796.358
100
_a
Khalid Mahmood
245
_a
World cup 2003 top of the Charts
260
_a
Karachi
_b
Jumbo publishing
_c
2008
300
_a
186
942
_c
BK
999
_c
342303
_d
342303